| 000 | 00495nam a2200181Ia 4500 | ||
|---|---|---|---|
| 999 |
_c4081 _d4081 |
||
| 008 | 200103s 2007 ||||xx |||||||||||||| ||und|| | ||
| 082 |
_a623.88 _bICS |
||
| 100 | _aIneternational Chamber of Shipping | ||
| 245 | 0 | _aBridge procedures guide | |
| 250 | _a4th | ||
| 260 |
_bIneternational Chamber of Shipping _c2007 _aLondon |
||
| 300 | _a114p. | ||
| 650 | _aPassage Planning | ||
| 650 | _aWatchkeeping | ||
| 650 | _aRadiocommunication | ||
| 650 | _aDynamic positioning | ||
| 942 | _cBK | ||